Countries with the Fewest Physicians Per Capita - Statistics

General Stats
  • This quiz has been taken 37 times
  • The average score is 13 of 19
Answer Stats
Physicians per 1000 people Country % Correct
0.03 Niger
94%
0.04 Somalia
89%
0.03 Ethiopia
86%
0.04 Chad
83%
0.03 Liberia
83%
0.03 Mozambique
83%
0.05 Eritrea
77%
0.04 Benin
74%
0.03 Sierra Leone
74%
0.05 Rwanda
71%
0.06 Senegal
71%
0.04 Togo
71%
0.06 Burkina Faso
69%
0.03 Burundi
69%
0.05 Lesotho
66%
0.02 Tanzania
63%
0.02 Malawi
57%
0.05 Bhutan
29%
0.05 Papua New Guinea
29%
No matching quizzes found
Score Distribution
Percent of People with Each Score
Percentile by Number Answered
Your Score History
You have not taken this quiz